<?xml version="1.0" encoding="UTF-8"?>
<collection xmlns="http://www.loc.gov/MARC21/slim">
  <record>
    <leader>00000nam  2200000   4500</leader>
    <controlfield tag="001">INLIS000000000003068</controlfield>
    <controlfield tag="005">20190412011849</controlfield>
    <datafield tag="035" ind1="#" ind2="#">
      <subfield code="a">0010-0718003068</subfield>
    </datafield>
    <controlfield tag="008">190412################g##########0#ind##</controlfield>
    <datafield tag="020" ind1="#" ind2="#">
      <subfield code="a">9795180436</subfield>
    </datafield>
    <datafield tag="041" ind1=" " ind2=" ">
      <subfield code="a">id</subfield>
    </datafield>
    <datafield tag="082" ind1="#" ind2="#">
      <subfield code="a">150.287</subfield>
    </datafield>
    <datafield tag="090" ind1=" " ind2=" ">
      <subfield code="a">150.287 Suk a</subfield>
    </datafield>
    <datafield tag="100" ind1=" " ind2="#">
      <subfield code="a">Sukardi, Dewa Ketut</subfield>
    </datafield>
    <datafield tag="245" ind1="1" ind2="#">
      <subfield code="a">Analisis tes psikologis : Dalam penyelenggaraan bimbingan di sekolah. /</subfield>
      <subfield code="c">Dewa Ketut Sukardi</subfield>
    </datafield>
    <datafield tag="250" ind1="#" ind2="#">
      <subfield code="a">Cet.2</subfield>
    </datafield>
    <datafield tag="260" ind1="#" ind2="#">
      <subfield code="a">Jakarta :</subfield>
      <subfield code="b">Rineka Cipta,</subfield>
      <subfield code="c">1997</subfield>
    </datafield>
    <datafield tag="300" ind1="#" ind2="#">
      <subfield code="a">xi, 220 hlm. :</subfield>
      <subfield code="b">ilus ;</subfield>
      <subfield code="c">21 cm</subfield>
    </datafield>
    <datafield tag="650" ind1=" " ind2="#">
      <subfield code="a">Psikologi</subfield>
    </datafield>
    <datafield tag="084" ind1="#" ind2="#">
      <subfield code="a">150.287 Suk a</subfield>
    </datafield>
    <datafield tag="520" ind1="#" ind2="#">
      <subfield code="a">Pemahaman diri secara mandiri mengenai aspek-aspek diri, bakat, kemampuan atau potensi diri dengan jelas, nalar, dan logis, merupakan komponen yang penting dalam mengarahkan, membantu, atau membimbing peserta didik dalam merencanakan masa depan, memilih pekerjaan atau jabatan, serta memilih keputusan karier yang tepat dan akurat dalam menyongsong masa depan yang lebih terarah. Untuk membantu memecahkan masalah-masalah tersebut diperlukan pelaksanaan pengukuran psikologis disekolah. Pelaksanaan pengukuran ini dibantu dengan dengan seperangkat tes psikologis. Analis Tes Psikologis ini merupakan buku panduan bagi para konselor sekolah/guru pembimbing di sekolah dalam menyelenggarakan program bimbingan dan konseling atau bimbingan karier. Di dalam tes kematangan mental Model California, Tes Kemampuan Mental Otis-Lenon, Tes Standar Progressive Matrices, dan Tes Bakat Pembedaan. Juga dibahas bagaimana menggunakan tes psikologis. Buku ini juga diperuntukkan bagi mahasiswa program psikologi pendidikan dan bimbingan (FKIP, FIP, IKIP) sebagai buku panduan PPL.</subfield>
    </datafield>
    <datafield tag="856" ind1="#" ind2="#">
      <subfield code="a">Perpustakaan Lembaga Administrasi Negara</subfield>
    </datafield>
    <datafield tag="990" ind1="#" ind2="#">
      <subfield code="a">04118770</subfield>
    </datafield>
    <datafield tag="990" ind1="#" ind2="#">
      <subfield code="a">04118771</subfield>
    </datafield>
    <datafield tag="990" ind1="#" ind2="#">
      <subfield code="a">04118771</subfield>
    </datafield>
    <datafield tag="990" ind1="#" ind2="#">
      <subfield code="a">04118770</subfield>
    </datafield>
    <datafield tag="990" ind1="#" ind2="#">
      <subfield code="a">04118770</subfield>
    </datafield>
    <datafield tag="990" ind1="#" ind2="#">
      <subfield code="a">04118771</subfield>
    </datafield>
  </record>
</collection>
